Malaysian student seminar : a study of pragmatic features in verbal interaction /
Saved in:
| 主要作者: | |
|---|---|
| 格式: | Thesis 图书 |
| 语言: | English |
| 出版: |
1995.
|
| 主题: | |
| 标签: |
添加标签
没有标签, 成为第一个标记此记录!
|
| LEADER | 01260cam a2200337 a 4500 | ||
|---|---|---|---|
| 001 | u381476 | ||
| 003 | SIRSI | ||
| 008 | 950908s1995 my t 00 eng m | ||
| 035 | |a ABX-3617 | ||
| 040 | |a UMB |d UMM | ||
| 043 | |a a-my--- | ||
| 090 | |a P99.4 |b P72Jamma | ||
| 091 | |a Microfiche 12653 | ||
| 093 | |a P99.4 |b P72Jamma | ||
| 100 | 0 | 0 | |a Jamaliah Mohd. Ali. |
| 245 | 1 | 0 | |a Malaysian student seminar : |b a study of pragmatic features in verbal interaction / |c by Jamaliah Mohd. Ali. |
| 260 | |c 1995. | ||
| 300 | |a xix, 468 leaves : |b ill. ; |c 29 cm. | ||
| 500 | |a Pusat Bahasa closed stacks. | ||
| 500 | |a Also available on microfiche. Kuala Lumpur : Perpustakaan Universiti Malaya, 1996. 6 fiches : negative ; 11x15 cm. | ||
| 502 | |a Thesis (Ph.D) -- Pusat Bahasa, Universiti Malaya, 1995. | ||
| 504 | |a Bibliography: leaves 296-312. | ||
| 650 | 0 | |a Pragmatics. | |
| 650 | 0 | |a Oral communication. | |
| 650 | 0 | |a Discussion. | |
| 650 | 0 | |a Students |z Malaysia. | |
| 710 | 2 | 0 | |a Universiti Malaya. |b Pusat Bahasa. |
| 948 | |a 08/09/1995 |b 27/06/2002 | ||
| 596 | |a 1 6 | ||
| 999 | |a P99.4 P72JAMMA |w LC |c 1 |i A505354352 |d 24/2/2018 |e 24/2/2018 |l STACKS |m P01UTAMA |n 49 |r Y |s Y |t TESIS |u 24/1/1996 | ||
| 999 | |a P99.4 P72JAMMA |w LC |c 1 |i A500539993 |l STACKS |m P06BAHASA |r Y |s Y |t TESIS |u 4/12/1995 | ||
